Thơ văn Phạm Văn Nghị /

Tallennettuna:
Bibliografiset tiedot
Päätekijä: Nguyễn Văn Huyền
Aineistotyyppi: Sách giấy
Kieli:Vietnamese
Julkaistu: Hà Nội : Khoa học Xã hội , 1979
Tagit: Lisää tagi
Ei tageja, Lisää ensimmäinen tagi!
Thư viện lưu trữ: Thư viện Trường Đại học Đà Lạt
LEADER 00575nam a2200241 4500
001 DLU020013935
005 ##6/22/2000
020 # # |a 978- 
041 # # |a vie 
082 # # |a 895.922 809  |b NG-H 
100 # # |a Nguyễn Văn Huyền 
245 # # |a Thơ văn Phạm Văn Nghị /  |c Nguyễn Văn Huyền 
260 # # |a Hà Nội :  |b Khoa học Xã hội ,  |c 1979 
300 # # |a 231 tr.;   |c 24 cm. 
992 # # |a 1638 
994 # # |a DLU 
900 # # |a False 
911 # # |a Administrator 
925 # # |a G 
926 # # |a A 
927 # # |a SH 
980 # # |a Thư viện Trường Đại học Đà Lạt